| 000 | 00851 a2200205 4500 | ||
|---|---|---|---|
| 999 |
_c4206 _d4206 |
||
| 020 | _a0749412569 : | ||
| 050 | 0 | 0 | _aLB2833WEB1994 |
| 100 | 1 |
_aWebb, Graham, _d1950- |
|
| 245 | 1 | 0 |
_aMaking the most of appraisal : _bcareer and professional development planning for lecturers / _cGraham Webb. |
| 264 |
_aPhiladelphia : _bKogan Page, _cc1994 |
||
| 300 | _a161 p. : | ||
| 440 | 0 | _aTeaching and learning in higher education | |
| 500 | _aincludes index | ||
| 504 | _aIncludes bibliographical references (p. 156-158) and index. | ||
| 650 | 0 |
_aCollege teachers _xRating of. |
|
| 650 | 0 |
_aCollege teaching _xEvaluation. |
|
| 856 | 4 | 2 |
_3Publisher description _uhttp://www.loc.gov/catdir/enhancements/fy0916/94028207-d.html |
| 942 |
_2lcc _cBK _h2833 _iWEB _kLB |
||